Meranie výkonnosti podniku ako predpoklad úspechu

Prístupy a hodnotenie výkonnosti podniku. Tradičné a moderné prístupy hodnotenia výkonnosti. Ekonomická pridaná hodnota, trhová pridaná hodnota.

Na minha lista:
Detalhes bibliográficos
Autor principal: Grausová, Anna
Formato: Capítulo de Livro
Idioma:eslovaco
Assuntos:
Tags: Adicionar Tag
Sem tags, seja o primeiro a adicionar uma tag!

MARC

LEADER 00000nla$a2200000$$$4500
001 0145062
005 20240502072614.8
041 0 |a slo 
044 |a SK 
245 1 0 |a Meranie výkonnosti podniku ako predpoklad úspechu  |c Anna Grausová 
520 |a Prístupy a hodnotenie výkonnosti podniku. Tradičné a moderné prístupy hodnotenia výkonnosti. Ekonomická pridaná hodnota, trhová pridaná hodnota. 
610 2 0 |a podnik 
610 2 0 |a výkonnosť 
610 2 0 |a výkony pracovné 
610 2 0 |a meranie 
610 2 0 |a metódy 
100 1 |a Grausová, Anna